000
00319nam a22001337a 4500
008
170321b xxu||||| |||| 00| 0 eng d
020
_a
0397512937
041
_a
eng
080
_a
616.12-008-073
100
_a
7
101
_a
SHM
245
_a
PAIN MANAGEMENT IN CARDIOTHORACIC SURGERY
_c
GRAVLEE, G.P
942
_2
udc
_c
BK
999
_c
8271
_d
8271